000 00432nam a2200181Ia 4500
001 13612
005 20260306164814.0
008 260306t2006||||xx |||||||||||||| ||spa||
041 _aESP
082 _a005.1
_bH93
100 _aHumphrey, Watts S.
_eAUT
245 0 _aTSP:
_bcoaching development teams
260 _c2006
300 _axx, 416 páginas :
_c24 cm.
650 _aGEN
654 _aCCC
942 _cLIB
_dJUS
_fJUS
_2ddc
_n
999 _c13612
_d13612